000
00284nam a2200121Ia 4500
008
190216s9999||||xx |||||||||||||| ||und||
100
_a
Raveendranatha Tagore
245
0
_a
Hindi-Geethanjali
260
_b
Prakasha Yend Shamsh
_c
2011
300
_a
176
650
_a
Hindi
942
_c
BK
999
_c
16753
_d
16753